[Event "GER-ch Schools U18 Girls"]
[Site "Germany"]
[Date "2009.05.18"]
[Round "7.3"]
[White "Beck, Clara"]
[Black "Schulze, Tabea"]
[Result "1/2-1/2"]
[WhiteElo "758"]
[BlackElo "1036"]
[PlyCount "127"]
[EventDate "2009.05.16"]
[EventType "team-swiss"]
[EventRounds "7"]
[EventCountry "GER"]
[SourceTitle "EXT 2011"]
[Source "ChessBase"]
[SourceDate "2010.11.26"]
[SourceVersion "1"]
[SourceVersionDate "2010.11.26"]
[SourceQuality "1"]
[WhiteTeam "Mainz Gymn (W)"]
[BlackTeam "Kenzingen Gymn (W)"]
[WhiteTeamCountry "GER"]
[BlackTeamCountry "GER"]

1. e4 e5 2. Nf3 Nc6 3. Bb5 Bc5 4. Bxc6 bxc6 5. Nxe5 Nf6 6. Nc3 0-0 7. d3 Re8 8. Bf4 Bb7 9. 0-0 d6 10. Ng4 Bc8 11. Nxf6+ Qxf6 12. Qf3 Rb8 13. Na4 Bd4 14. c3 Be5 15. Bxe5 Qxf3 16. gxf3 Rxe5 17. Kh1 Bh3 18. Rg1 d5 19. Nc5 Rxb2 20. f4 Re7 21. e5 Rxf2 22. d4 Rxf4 23. Rg3 Bf1 24. Rb1 h6 25. Nd3 Bxd3 26. Rxd3 Rf2 27. a4 Ra2 28. Rb8+ Kh7 29. Rg3 Rxa4 30. Rb1 Re6 31. Rbg1 Rg6 32. Rf1 Rxg3 33. hxg3 Kg6 34. Re1 Ra3 35. e6 fxe6 36. Rxe6+ Kh7 37. Rxc6 a5 38. Kh2 a4 39. c4 Ra2+ 40. Kh3 dxc4 41. Rxc4 a3 42. Rc1 Rb2 43. Ra1 a2 44. Kg4 Rd2 45. Kh3 Rxd4 46. Rxa2 Rd8 47. Rc2 Rc8 48. Rc5 c6 49. Kg4 Kg6 50. Kh4 Kf6 51. Kh5 Ke6 52. Kg6 Kd6 53. Rc1 c5 54. Kxg7 Ke5 55. Kxh6 Kd4 56. g4 Kd3 57. g5 c4 58. g6 Kd2 59. Rg1 c3 60. g7 c2 61. Kh7 c1Q 62. Rxc1 Kxc1 63. g8Q Rxg8 64. Kxg8 1/2-1/2